00254nam a2200085Ia 4500008004100000100002400041245006100065260003400126300000800160201224s9999 xx 000 0 und d aChaturvedi, Pradeep 0aBioenergy Resources: planning , production & utilization aNew DelhibConcept Publishing a146